000
00352nam a2200133 a 4500
005
20140414131920.0
008
101022s19uu xx 00 eng d
050
_a
ER
_b
M88 199?
100
_a
245
_a
The musicians of Bremen.
260
_a
Bridlington, England :
_b
Peter Haddock,
_c
199?.
440
_a
Fantasy land fairy tales
999
_c
111701
_d
111701